PREDOVŠETKÝM PARTNERMI

Podrobná bibliografia
Hlavný autor: Melichar, Jozef (pedagóg) (Autor)
Médium: Článok
Jazyk:slovenčina
Predmet:

MARC

LEADER 00000nab a2200000ua 4500
001 vtls010775012
003 SK-MaSNL
005 20260303182034.0
008 230222s1988 xo |||||||||||||||||slo|
035 |a (urnnbn)urn:nbn:sk:snk:ar-a006z4 
035 |a (uuid)c0889ad8-13a5-4aae-bfa8-98eb08aeacaf 
035 |a urn:nbn:sk:snk-ab45dg 
040 |a SNKBUCL  |b slo  |c SNKBUCL  |e AACR2 
041 0 |a slo 
044 |a xo  |c SK 
100 1 |a Melichar, Jozef  |c (pedagóg)  |4 aut  |9 227473 
245 1 0 |a PREDOVŠETKÝM PARTNERMI  |c Jozef Melichar 
650 0 7 |a rodina a škola  |2 SNKPH  |9 67172 
650 0 7 |a rodičovské združenia  |2 SNKPH  |9 71721 
773 0 |t Rodina a škola  |g Roč. 35, č. 9 (1988), s. 26-27 
954 |a odborná, vedecká literatúra pôvodná (slovenská)  |2 lita 
958 |a OND 
958 |a EUIPO 
958 |a article3 
999 |c 2115396  |d 2117326